Fundamentals of corporate finance /
Overview of Corporate Finance. Financial Statements and Long-Term Financial Planning. Valuation of Future Cash Flows. Capital budgeting. Risk and return. Long-Term Financing. Cost of Capital and Long-Term Financial Policy. Short-Temrm Financial...
Đã lưu trong:
| Tác giả chính: | |
|---|---|
| Tác giả khác: | , |
| Định dạng: | Sách |
| Ngôn ngữ: | English |
| Được phát hành: |
[Homewood, IL] :
Irwin,
1993.
|
| Những chủ đề: | |
| Các nhãn: |
Thêm thẻ
Không có thẻ, Là người đầu tiên thẻ bản ghi này!
|
| Thư viện lưu trữ: | Mạng thư viện Đại học Đà Nẵng |
|---|
| LEADER | 01171cam a2200361 i 4500 | ||
|---|---|---|---|
| 001 | 000042819 | ||
| 003 | 694 | ||
| 005 | 20041011152919.0 | ||
| 008 | 010217b1993 vm 000 eng | ||
| 020 | |a 0256111138 | ||
| 022 | |a T | ||
| 040 | |a IRC |c IRC |d IRC | ||
| 041 | 0 | |a eng | |
| 082 | 1 | 4 | |a 658.15 |b RO-S |
| 100 | 1 | |a Ross, Stephen A. | |
| 245 | 1 | 0 | |a Fundamentals of corporate finance / |c Stephen A. Ross, Randolph W. Westerfield, Bradford D. Jordan. |
| 260 | |a [Homewood, IL] : |b Irwin, |c 1993. | ||
| 300 | |a 885 p. ; |c 27 cm. | ||
| 520 | 3 | |a Overview of Corporate Finance. Financial Statements and Long-Term Financial Planning. Valuation of Future Cash Flows. Capital budgeting. Risk and return. Long-Term Financing. Cost of Capital and Long-Term Financial Policy. Short-Temrm Financial... | |
| 630 | 0 | 4 | |a Finance. |
| 650 | 0 | 4 | |a Corporations |x Finance. |
| 700 | 1 | |a Westerfield, Randolph W. | |
| 700 | 1 | |a Jordan, Bradford D. | |
| OWN | |a DUT | ||
| 999 | |a From the UDN01 | ||
| TYP | |a Monograph | ||
| TYP | |a Printed language | ||
| 980 | |a Mạng thư viện Đại học Đà Nẵng | ||


